000 00769cab a2200217 4500
001 WB3503-13
008 090401t1999 xxu||||| |||| 00| 0 eng d
035 _a(Sirsi) u90731
041 _aeng
245 _aRetail therapy at a discount
260 _c1999
350 _a0
490 _aFinancial Times
_v15 January 1999, 26(2)
520 _aThe Institut fuer Gewerbentren`s "Factory outlet centre report" highlighting the increasing popularity of factory outlets in Europe predicts that the number of outlets in Great Britain will double from the existing 19 by 2000.
650 _aDISCOUNT SHOPPING
650 _aFACTORY OUTLETS
650 _aFACTORY SHOPPING
690 _aPROPERTY-COMMERCIAL PROPERTY-RETAIL PROPERTY
942 _n0
948 _c15/01/1999
999 _c57533
_d57533